[Event "LTU ch (B16)"]
[Site "Vilnius"]
[Date "2016.03.20"]
[Round "4.6"]
[White "Raudys, Danielius"]
[Black "Kerpe, Mantas"]
[Result "1/2-1/2"]
[WhiteElo "1372"]
[BlackElo "1575"]
[PlyCount "76"]
[EventDate "2016.03.18"]

1. c4 e5 2. Nc3 Nf6 3. Nf3 Nc6 4. d4 exd4 5. Nxd4 Nxd4 6. Qxd4 Be7 7. e3 b6 8.
Be2 Bb7 9. O-O O-O 10. Nd5 Nxd5 11. cxd5 Bf6 12. Qd1 c5 13. dxc6 dxc6 14. Bf3
Qc7 15. Qc2 Rad8 16. Bd2 Qe5 17. Bc3 Qc5 18. Rfc1 Qe7 19. Bxf6 Qxf6 20. Qc3 Qe6
21. Qa3 a6 22. Qb4 c5 23. Qg4 Qxg4 24. Bxg4 f5 25. Bh3 g5 26. g3 g4 27. Bg2
Bxg2 28. Kxg2 Rd2 29. Rcb1 Rfd8 30. b4 cxb4 31. Rxb4 b5 32. a4 R2d5 33. axb5
axb5 34. Rab1 Rb8 35. e4 fxe4 36. Rxe4 h5 37. Reb4 Kg7 38. R1b2 Kf6 1/2-1/2

[Event "LTU ch (B16)"]
[Site "Vilnius"]
[Date "2016.03.20"]
[Round "4.7"]
[White "Slikas, Deividas"]
[Black "Liutvinas, Rokas"]
[Result "1-0"]
[WhiteElo "1435"]
[BlackElo "1430"]
[PlyCount "81"]
[EventDate "2016.03.18"]

1. d4 d6 2. c4 g6 3. e4 Bg7 4. Nc3 Nd7 5. Be3 c6 6. Bd3 Qb6 7. Na4 Qa5+ 8. Bd2
Qc7 9. Ne2 Ngf6 10. O-O b5 11. cxb5 cxb5 12. Bxb5 Nxe4 13. Rc1 Qd8 14. Bf4 Bb7
15. d5 O-O 16. Be3 Nb6 17. Nxb6 axb6 18. f3 Nc5 19. b4 Na6 20. Qb3 Nb8 21. Rc2
Ba6 22. Bc6 Ra7 23. b5 Bc8 24. Rfc1 e6 25. Ng3 exd5 26. Bxd5 Bb7 27. Bc6 Ba8
28. Qd5 Re8 29. Bf4 Be5 30. Bd2 Qf6 31. Ne4 Bd4+ 32. Kh1 Qg7 33. Bxa8 Bb2 34.
Bc3 Bxc3 35. Rxc3 Nd7 36. Rc8 Rxc8 37. Rxc8+ Nf8 38. h3 Qa1+ 39. Kh2 Rxa2 40.
Qxd6 h6 41. Qxf8+ 1-0

[Event "LTU ch (B16)"]
[Site "Vilnius"]
[Date "2016.03.21"]
[Round "5.1"]
[White "Stauskas, Lukas"]
[Black "Zukauskas, Arnas Povilas"]
[Result "1-0"]
[WhiteElo "2122"]
[BlackElo "1932"]
[PlyCount "109"]
[EventDate "2016.03.18"]

1. d4 d5 2. c4 e6 3. Nc3 Nf6 4. Bg5 Bb4 5. e3 h6 6. Bh4 O-O 7. Nf3 c5 8. cxd5
exd5 9. Qc2 c4 10. Be2 Be6 11. O-O Nbd7 12. Ne5 Qa5 13. Nxd7 Nxd7 14. f3 f5 15.
a3 Bd6 16. e4 Rac8 17. e5 Bc7 18. f4 Bd8 19. Bf2 Be7 20. Be3 g6 21. g4 Kh7 22.
h3 Rf7 23. Kh2 Qc7 24. Bf3 Qc6 25. Qg2 Nb6 26. Rg1 Rg8 27. Rac1 Rd8 28. b4 a6
29. Rb1 Qd7 30. a4 Nxa4 31. Nxa4 Qxa4 32. gxf5 Bxf5 33. Bxd5 Rg7 34. Be4 Qd7
35. Bxf5 Qxf5 36. Qxb7 Bc5 37. bxc5 Rxb7 38. Rxb7+ Kh8 39. c6 Rc8 40. c7 Qd7
41. Rxg6 Rxc7 42. Rbb6 Qf5 43. Rbf6 Qd3 44. Rxh6+ Kg7 45. Rhg6+ Qxg6 46. Rxg6+
Kxg6 47. e6 c3 48. d5 c2 49. d6 Rc3 50. Bc1 Rd3 51. d7 Kf6 52. f5 Rd5 53. h4
Rd1 54. Bg5+ Kxf5 55. e7 1-0

[Event "LTU ch (B16)"]
[Site "Vilnius"]
[Date "2016.03.21"]
[Round "5.2"]
[White "Salna, Aleksandras"]
[Black "Slikas, Deividas"]
[Result "1-0"]
[WhiteElo "1840"]
[BlackElo "1435"]
[PlyCount "55"]
[EventDate "2016.03.18"]

1. d4 d5 2. c4 e6 3. Nf3 c6 4. Nc3 Nf6 5. Bg5 Nbd7 6. cxd5 exd5 7. e3 Bd6 8.
Bd3 O-O 9. O-O Qc7 10. Rb1 Re8 11. Qc2 h6 12. Bh4 g5 13. Bg3 Bxg3 14. hxg3 Nf8
15. b4 a6 16. a4 Bg4 17. Ne5 Qd6 18. f4 N8d7 19. Bf5 Nxe5 20. fxe5 Qe7 21. e4
Bxf5 22. exf5 Nd7 23. Qe2 Qf8 24. Nd1 Qg7 25. Nf2 Nb6 26. Qh5 f6 27. Ng4 fxe5
28. f6 1-0

[Event "LTU ch (B16)"]
[Site "Vilnius"]
[Date "2016.03.21"]
[Round "5.3"]
[White "Vasiliauskas, Domas"]
[Black "Pultinevicius, Paulius"]
[Result "0-1"]
[WhiteElo "1745"]
[BlackElo "2238"]
[PlyCount "76"]
[EventDate "2016.03.18"]

1. Nf3 Nf6 2. g3 e6 3. Bg2 d5 4. O-O Be7 5. d3 O-O 6. Nbd2 c5 7. Re1 Nc6 8. e4
Rb8 9. h4 b5 10. e5 Ne8 11. Nf1 a5 12. N3h2 Ba6 13. Bh3 Nc7 14. d4 c4 15. g4 b4
16. g5 a4 17. Ng4 Bb5 18. Kh1 b3 19. c3 a3 20. Nd2 Ba4 21. Nf6+ Kh8 22. Qh5
gxf6 23. gxf6 Bxf6 24. exf6 Qxf6 25. axb3 axb2 26. Bxb2 Bxb3 27. Ba3 Rfd8 28.
Re3 Bc2 29. Rg1 Bg6 30. Qe2 Qxh4 31. Rgg3 Nb5 32. Bc5 Rg8 33. Qf3 Bh5 34. Qg2
Rxg3 35. Rxg3 Bg6 36. Qh2 Ra8 37. Bg2 Ra1+ 38. Nf1 Qxh2+ 0-1

[Event "LTU ch (B16)"]
[Site "Vilnius"]
[Date "2016.03.21"]
[Round "5.4"]
[White "Samuolis, Mantas"]
[Black "Bisigirskas, Paulius"]
[Result "1/2-1/2"]
[WhiteElo "1785"]
[BlackElo "1760"]
[PlyCount "53"]
[EventDate "2016.03.18"]

1. d4 d5 2. Nf3 Nf6 3. c4 e6 4. g3 b6 5. Bg2 Bb7 6. O-O Be7 7. Nc3 O-O 8. b3
Nbd7 9. Bb2 c5 10. e3 dxc4 11. bxc4 cxd4 12. exd4 Rc8 13. Qa4 Bc6 14. Qb3 Qc7
15. Nd2 Bxg2 16. Kxg2 Nb8 17. Nb5 Qb7+ 18. Kg1 Nc6 19. Bc3 Rfd8 20. Nf3 Ne4 21.
Rad1 Nxc3 22. Qxc3 a6 23. Na3 Bxa3 24. Qxa3 Na5 25. c5 bxc5 26. dxc5 Qc7 27.
Rc1 1/2-1/2

[Event "LTU ch (B16)"]
[Site "Vilnius"]
[Date "2016.03.21"]
[Round "5.6"]
[White "Kerpe, Mantas"]
[Black "Pluta, Paulius"]
[Result "0-1"]
[WhiteElo "1575"]
[BlackElo "1702"]
[PlyCount "46"]
[EventDate "2016.03.18"]

1. Nf3 d5 2. c4 d4 3. e3 c5 4. exd4 cxd4 5. d3 Nc6 6. g3 g6 7. Bg2 Bg7 8. Na3
Nf6 9. O-O O-O 10. Nc2 Re8 11. b4 e5 12. Re1 e4 13. Ng5 exd3 14. Rxe8+ Nxe8 15.
Qxd3 Ne5 16. Qb3 d3 17. Na3 d2 18. Bb2 Qxg5 19. f4 Qg4 20. fxe5 Qe2 21. Qd1 Bg4
22. h3 Qxd1+ 23. Rxd1 Bxd1 0-1

[Event "LTU ch (B16)"]
[Site "Vilnius"]
[Date "2016.03.21"]
[Round "5.7"]
[White "Ivanauskas, Vincas"]
[Black "Raudys, Danielius"]
[Result "1-0"]
[WhiteElo "1577"]
[BlackElo "1372"]
[PlyCount "116"]
[EventDate "2016.03.18"]

1. c4 g6 2. Nc3 Bg7 3. g3 Nf6 4. Bg2 c6 5. b3 O-O 6. Bb2 d6 7. e3 Na6 8. d4 Nc7
9. Nge2 Bd7 10. O-O Qc8 11. Re1 Bh3 12. Bh1 Bd7 13. a3 d5 14. c5 Re8 15. b4 e6
16. f4 Ng4 17. Nc1 Nf6 18. Nd3 Rf8 19. a4 Be8 20. Qb3 Bd7 21. Bg2 h6 22. Bf1
Qb8 23. Ne5 Rd8 24. b5 Ne4 25. Nxe4 Bxe5 26. Nc3 Bg7 27. Reb1 Bf8 28. Bc1 Ne8
29. a5 Nc7 30. b6 axb6 31. axb6 Na6 32. Bxa6 bxa6 33. b7 Ra7 34. Qb6 Re8 35.
Rxa6 Rxa6 36. Qxa6 f6 37. Qb6 e5 38. Ne2 exd4 39. Nxd4 Bf5 40. Nxc6 Bxb1 41.
Nxb8 Rxb8 42. Qxb1 Bxc5 43. Qb5 Ba7 44. Qxd5+ Kg7 45. Qd7+ Kg8 46. Qe6+ Kg7 47.
Qe7+ Kg8 48. Bb2 Bxe3+ 49. Qxe3 Rxb7 50. Bxf6 Kf7 51. Qe5 Rd7 52. Bh8 g5 53.
Qg7+ Ke8 54. Qxd7+ Kxd7 55. f5 Ke7 56. f6+ Kf7 57. Kf2 Kg8 58. Bg7 Kf7 1-0

[Event "LTU ch (B16)"]
[Site "Vilnius"]
[Date "2016.03.21"]
[Round "5.8"]
[White "Kurmis, Ernestas"]
[Black "Dolmantas, Martynas"]
[Result "1/2-1/2"]
[WhiteElo "1384"]
[BlackElo "1397"]
[PlyCount "78"]
[EventDate "2016.03.18"]

1. e4 e6 2. d4 d5 3. exd5 exd5 4. Nf3 Nc6 5. Bd3 Nf6 6. Be3 Bg4 7. Nbd2 Be7 8.
O-O O-O 9. c3 h6 10. Qc2 Bd6 11. h3 Be6 12. b4 a6 13. a4 Qc8 14. h4 Ne7 15. Ne5
Bf5 16. Ndf3 Bxd3 17. Qxd3 Qf5 18. Qxf5 Nxf5 19. Bf4 Ne4 20. Rac1 Ne7 21. Nd3
Bxf4 22. Nxf4 c6 23. Ne5 Kh7 24. f3 Nd2 25. Rf2 Nc4 26. Nxc4 dxc4 27. g4 b5 28.
a5 Nd5 29. Nxd5 cxd5 30. Re2 Rfe8 31. Rce1 Rxe2 32. Rxe2 Ra7 33. h5 Rd7 34. f4
g6 35. Re5 Kg7 36. hxg6 Kxg6 37. Kf2 Rd6 38. Kf3 f6 39. f5+ Kf7 1/2-1/2

[Event "LTU ch (B16)"]
[Site "Vilnius"]
[Date "2016.03.22"]
[Round "6.1"]
[White "Salna, Aleksandras"]
[Black "Stauskas, Lukas"]
[Result "0-1"]
[WhiteElo "1840"]
[BlackElo "2122"]
[PlyCount "84"]
[EventDate "2016.03.18"]

1. d4 Nf6 2. Nf3 g6 3. Bf4 Bg7 4. e3 d6 5. h3 O-O 6. Be2 Nbd7 7. O-O c5 8. c3
b6 9. Nbd2 Bb7 10. a4 a6 11. Nc4 Qc7 12. Qc2 Rac8 13. Rac1 Rfe8 14. Rfd1 Bd5
15. Ncd2 cxd4 16. exd4 Bb7 17. Nf1 e5 18. Bh2 Bh6 19. Ra1 Nd5 20. dxe5 dxe5 21.
N3d2 f5 22. Qb3 Kh8 23. Bf3 Nc5 24. Qa2 Nf4 25. Bxf4 Bxf4 26. Bxb7 Qxb7 27. Nc4
e4 28. Nd6 Bxd6 29. Rxd6 Qe7 30. Rd5 Nd3 31. Ne3 Kg7 32. Rf1 f4 33. Nc2 f3 34.
g3 h5 35. Ne3 h4 36. Rg5 hxg3 37. Rxg3 Nf4 38. Kh1 Rh8 39. Nf5+ Kf6 40. Nd4 Rh6
41. Re1 Qh7 42. Rxf3 Rxh3+ 0-1

[Event "LTU ch (B16)"]
[Site "Vilnius"]
[Date "2016.03.22"]
[Round "6.2"]
[White "Pultinevicius, Paulius"]
[Black "Pluta, Paulius"]
[Result "1-0"]
[WhiteElo "2238"]
[BlackElo "1702"]
[PlyCount "75"]
[EventDate "2016.03.18"]

1. e4 e6 2. Qe2 e5 3. g3 Nc6 4. c3 Bc5 5. Bg2 Nf6 6. Nf3 O-O 7. O-O d6 8. h3 h6
9. Rd1 Rb8 10. d3 d5 11. Nbd2 Be6 12. Nxe5 Bxf2+ 13. Kxf2 Nxe5 14. d4 Ng6 15.
e5 Nd7 16. Qh5 c5 17. Nf3 cxd4 18. cxd4 Rc8 19. Be3 Ne7 20. g4 Qb6 21. Rd2 Rc6
22. Kg1 Rfc8 23. Qh4 Rc1+ 24. Rxc1 Rxc1+ 25. Kh2 Nc6 26. Qf2 Na5 27. b3 Rc8 28.
Nh4 f6 29. Ng6 Kh7 30. Ne7 Rf8 31. Bxd5 fxe5 32. Be4+ g6 33. Bxg6+ Kg7 34.
Bxh6+ Kxh6 35. Qh4+ Kg7 36. Qh7+ Kf6 37. Rf2+ Bf5 38. Nd5+ 1-0

[Event "LTU ch (B16)"]
[Site "Vilnius"]
[Date "2016.03.22"]
[Round "6.3"]
[White "Zukauskas, Arnas Povilas"]
[Black "Ivanauskas, Vincas"]
[Result "1-0"]
[WhiteElo "1932"]
[BlackElo "1577"]
[PlyCount "93"]
[EventDate "2016.03.18"]

1. e4 e6 2. d4 d5 3. exd5 exd5 4. c4 c6 5. Nc3 Nf6 6. Nf3 Bd6 7. Be2 O-O 8. O-O
Bf5 9. Bg5 dxc4 10. Bxc4 Nbd7 11. Re1 Qc7 12. Rc1 Rfe8 13. Qb3 Bg6 14. h3 b5
15. Bf1 Rxe1 16. Rxe1 b4 17. Nb1 a5 18. Bxf6 Nxf6 19. Nbd2 a4 20. Qc4 Nd5 21.
Ne5 Re8 22. Ndf3 Nb6 23. Qc1 Bxe5 24. Rxe5 Rxe5 25. Nxe5 Be4 26. Bc4 Nxc4 27.
Qxc4 Qb7 28. a3 bxa3 29. bxa3 Bd5 30. Qxa4 f6 31. Nf3 Qb1+ 32. Kh2 Qb8+ 33. Kh1
Qb1+ 34. Ng1 Qf1 35. f3 Qf2 36. Qb4 g5 37. a4 g4 38. Qb8+ Kg7 39. Qf4 gxf3 40.
Nxf3 Bxf3 41. Qxf3 Qxd4 42. Qxc6 Qd1+ 43. Kh2 Qe1 44. Qc7+ Kf8 45. a5 f5 46. a6
Qa1 47. a7 1-0

[Event "LTU ch (B16)"]
[Site "Vilnius"]
[Date "2016.03.22"]
[Round "6.4"]
[White "Vasiliauskas, Nerijus"]
[Black "Bisigirskas, Paulius"]
[Result "0-1"]
[WhiteElo "1796"]
[BlackElo "1760"]
[PlyCount "112"]
[EventDate "2016.03.18"]

1. e4 c5 2. Nf3 d6 3. Bb5+ Bd7 4. Bxd7+ Qxd7 5. d4 cxd4 6. Nxd4 Nf6 7. Nc3 e6
8. O-O Be7 9. Qe2 O-O 10. Be3 a6 11. a4 b6 12. Rad1 Qc7 13. f4 Nc6 14. Qc4 Rfc8
15. Nxc6 Qxc6 16. Qd4 Rab8 17. h3 Rd8 18. g4 b5 19. axb5 axb5 20. g5 Nh5 21.
Qd3 b4 22. Ne2 d5 23. Nd4 Qb7 24. e5 g6 25. Kf2 Rdc8 26. Rd2 Rc4 27. Ra1 Bc5
28. Kf3 Qb6 29. c3 b3 30. Rdd1 Ng7 31. Ke2 Nf5 32. Nxf5 gxf5 33. Bd4 Bxd4 34.
cxd4 Rc2+ 35. Rd2 Rbc8 36. Rad1 R8c4 37. Ke3 Qb4 38. Rb1 Qa4 39. Rdd1 Qa2 40.
Ra1 Qxb2 41. Rab1 Qc3 42. Rxb3 Qxd3+ 43. Rbxd3 Rh2 44. Kf3 Rxh3+ 45. Kg2 Rxd3
46. Rxd3 Kg7 47. Kg3 Kg6 48. Kf3 Kh5 49. Kg3 Rc1 50. Ra3 Rd1 51. Ra7 Rd3+ 52.
Kg2 Rxd4 53. Rxf7 Rxf4 54. Rxh7+ Kxg5 55. Re7 Re4 56. Rxe6 Kf4 0-1

[Event "LTU ch (B16)"]
[Site "Vilnius"]
[Date "2016.03.22"]
[Round "6.5"]
[White "Samuolis, Mantas"]
[Black "Kurmis, Ernestas"]
[Result "1-0"]
[WhiteElo "1785"]
[BlackElo "1384"]
[PlyCount "43"]
[EventDate "2016.03.18"]

1. d4 d5 2. Nf3 Nf6 3. g3 Bf5 4. Bg2 e6 5. O-O Bd6 6. c4 c6 7. Nc3 Nbd7 8. Re1
h6 9. Qb3 Rb8 10. Nd2 dxc4 11. Nxc4 Bc7 12. e4 Bg6 13. Be3 b5 14. Nd2 Bb6 15.
e5 Nd5 16. Bxd5 cxd5 17. Nxb5 O-O 18. Qa3 Bxd4 19. Nxd4 Nxe5 20. Bf4 Nd3 21.
Bxb8 Nxe1 22. Bd6 1-0

[Event "LTU ch (B16)"]
[Site "Vilnius"]
[Date "2016.03.22"]
[Round "6.6"]
[White "Slikas, Deividas"]
[Black "Vasiliauskas, Domas"]
[Result "0-1"]
[WhiteElo "1435"]
[BlackElo "1745"]
[PlyCount "84"]
[EventDate "2016.03.18"]

1. d4 Nf6 2. c4 g6 3. Nc3 Bg7 4. e4 d6 5. f3 O-O 6. Be3 e5 7. d5 Nh5 8. Qc2 f5
9. exf5 gxf5 10. Bg5 Qe8 11. O-O-O a6 12. Bd3 Bd7 13. Nge2 b5 14. h3 bxc4 15.
Bxc4 f4 16. Ne4 Bb5 17. Bd3 Bxd3 18. Qxd3 Nd7 19. Rhg1 h6 20. Bh4 Nhf6 21. g3
Nxe4 22. fxe4 Qh5 23. Nc3 Nc5 24. Qc4 Rab8 25. b4 fxg3 26. Bxg3 Rf3 27. bxc5
Qg5+ 28. Kc2 Rxg3 29. Ne2 Rxg1 30. Rxg1 Qf6 31. Qxa6 Kh8 32. cxd6 cxd6 33. Qd3
Rc8+ 34. Kd1 Qe7 35. Ng3 Qa7 36. Rg2 Bf6 37. Nf5 Bg5 38. a3 Rc1+ 39. Ke2 Qa5
40. Ne3 Re1+ 41. Kf2 Rxe3 42. Qc2 Qe1# 0-1

[Event "LTU ch (B16)"]
[Site "Vilnius"]
[Date "2016.03.22"]
[Round "6.10"]
[White "Dolmantas, Martynas"]
[Black "Cebanauskas, Gustas"]
[Result "1/2-1/2"]
[WhiteElo "1397"]
[BlackElo "1352"]
[PlyCount "67"]
[EventDate "2016.03.18"]

1. c4 Nc6 2. Nc3 Nf6 3. g3 e5 4. Bg2 Bc5 5. Nf3 a6 6. O-O d6 7. d3 h6 8. a3 O-O
9. b4 Ba7 10. b5 axb5 11. cxb5 Nd4 12. a4 Qd7 13. Rb1 Bb6 14. Bb2 Re8 15. Nxd4
Bxd4 16. Ne4 Nxe4 17. Bxd4 Nf6 18. Bc3 d5 19. Qc2 b6 20. Ra1 Bb7 21. Qb2 Qd6
22. a5 bxa5 23. Rxa5 Rxa5 24. Bxa5 Ng4 25. Rc1 Rc8 26. Qb4 Qxb4 27. Bxb4 Nf6
28. Ba5 c6 29. Bh3 Ra8 30. bxc6 Bxc6 31. Rxc6 Rxa5 32. Rc8+ Kh7 33. Rc7 Kg6 34.
Re7 1/2-1/2

[Event "LTU ch (B16)"]
[Site "Vilnius"]
[Date "2016.03.23"]
[Round "7.1"]
[White "Stauskas, Lukas"]
[Black "Samuolis, Mantas"]
[Result "1-0"]
[WhiteElo "2122"]
[BlackElo "1785"]
[PlyCount "42"]
[EventDate "2016.03.18"]

1. d4 d5 2. c4 Nf6 3. cxd5 Nxd5 4. e4 Nb6 5. Be3 g6 6. h3 Bg7 7. Nc3 Nc6 8. Nf3
O-O 9. Qd2 Qd6 10. Be2 a6 11. O-O e5 12. d5 Ne7 13. Ne1 f5 14. f3 f4 15. Bf2
Nd7 16. Nd3 c6 17. dxc6 Nxc6 18. Nd5 Re8 19. Rac1 Nf6 20. Bc5 Qd8 21. Bb6 Be6
1-0

[Event "LTU ch (B16)"]
[Site "Vilnius"]
[Date "2016.03.23"]
[Round "7.2"]
[White "Bisigirskas, Paulius"]
[Black "Pultinevicius, Paulius"]
[Result "0-1"]
[WhiteElo "1760"]
[BlackElo "2238"]
[PlyCount "90"]
[EventDate "2016.03.18"]

1. e4 d5 2. exd5 Nf6 3. d4 Nxd5 4. c3 g6 5. Bd3 Bg7 6. Nf3 O-O 7. O-O h6 8. Qe2
Nc6 9. Ne5 Nxe5 10. dxe5 e6 11. f4 c5 12. Nd2 Qc7 13. Nc4 Bd7 14. Nd6 Bc6 15.
a4 Rfd8 16. a5 b6 17. a6 Rd7 18. Bb5 Rad8 19. Bxc6 Qxc6 20. Qf3 Ne7 21. Qxc6
Nxc6 22. Be3 Bf8 23. Nb7 Rc8 24. Rfd1 Rxd1+ 25. Rxd1 Nb8 26. Ra1 Rc7 27. b4
cxb4 28. Bxb6 Rxc3 29. Bxa7 Ra3 30. Rb1 Nxa6 31. Bd4 Rd3 32. Bb6 Rd5 33. Na5
Rb5 34. Bd8 Bc5+ 35. Kf1 Be3 36. g3 Rd5 37. Nc6 Rd2 38. Bf6 Rf2+ 39. Ke1 Rxh2
40. Rb3 Bd2+ 41. Kf1 Nc5 42. Rb2 Ne4 43. Nxb4 Nxg3+ 44. Kg1 Re2 45. Nc2 Be3+
0-1

[Event "LTU ch (B16)"]
[Site "Vilnius"]
[Date "2016.03.23"]
[Round "7.3"]
[White "Zukauskas, Arnas Povilas"]
[Black "Salna, Aleksandras"]
[Result "0-1"]
[WhiteElo "1932"]
[BlackElo "1840"]
[PlyCount "132"]
[EventDate "2016.03.18"]

1. c4 c6 2. e4 d5 3. exd5 cxd5 4. d4 Nf6 5. Nc3 Nc6 6. Nf3 e6 7. c5 Ne4 8. Bd3
Nxc3 9. bxc3 b6 10. cxb6 axb6 11. O-O Be7 12. a4 O-O 13. Bf4 Ba6 14. Bb5 Bxb5
15. axb5 Rxa1 16. Qxa1 Na5 17. Qa4 Bd6 18. Bxd6 Qxd6 19. Nd2 Rc8 20. Nb3 Rc4
21. Qa2 Nxb3 22. Qxb3 Qc7 23. Rc1 f6 24. Qa3 Kf7 25. g3 e5 26. dxe5 Qxe5 27.
Qa7+ Qc7 28. Qa8 Qc5 29. Rd1 Qxb5 30. Rxd5 Qb1+ 31. Kg2 Qe4+ 32. Kg1 Kg6 33.
Qb7 Qb1+ 34. Kg2 Qe4+ 35. Kg1 Ra4 36. Qd7 h5 37. h4 Ra2 38. Rd1 f5 39. Qd6+ Kh7
40. Qxb6 Qf3 41. Qd4 Re2 42. c4 Re4 43. Qd3 Re1+ 44. Rxe1 Qxd3 45. Re3 Qxc4 46.
f4 Qc2 47. Rf3 Kg6 48. Rf2 Qe4 49. Rf1 Kf6 50. Kf2 Qc2+ 51. Kf3 Ke6 52. Re1+
Kd5 53. Re3 Kd4 54. Re5 Qd2 55. Re7 Qd1+ 56. Kf2 Qg4 57. Re8 Kd5 58. Rd8+ Ke6
59. Re8+ Kf7 60. Re3 Kg8 61. Re6 Qh3 62. Re3 Qh2+ 63. Kf3 Qg1 64. Re5 Qf1+ 65.
Ke3 Qg2 66. Rxf5 Qxg3+ 0-1

[Event "LTU ch (B16)"]
[Site "Vilnius"]
[Date "2016.03.23"]
[Round "7.4"]
[White "Vasiliauskas, Domas"]
[Black "Kerpe, Mantas"]
[Result "1/2-1/2"]
[WhiteElo "1745"]
[BlackElo "1575"]
[PlyCount "82"]
[EventDate "2016.03.18"]

1. Nf3 d5 2. g3 Nf6 3. Bg2 e6 4. O-O Be7 5. d3 O-O 6. Nbd2 b6 7. c3 c5 8. Qc2
Bb7 9. Re1 Nc6 10. e4 Qc7 11. exd5 Nxd5 12. Nf1 Bf6 13. Ne3 Ne5 14. Nxe5 Bxe5
15. Nc4 Bf6 16. a4 Rfd8 17. Ne3 h6 18. Be4 Rac8 19. h4 Rd7 20. Qe2 Nxe3 21.
Bxe3 Bxe4 22. dxe4 Rcd8 23. Rad1 Qc6 24. Rxd7 Qxd7 25. Qg4 Kf8 26. a5 Qb5 27.
axb6 axb6 28. Qe2 Qc6 29. f3 c4 30. Rd1 b5 31. Kg2 Ke8 32. Rxd8+ Kxd8 33. Qd2+
Qd7 34. Kf2 Qxd2+ 35. Bxd2 h5 36. Bg5 Bxg5 37. hxg5 Ke8 38. f4 g6 39. Kf3 Kd7
40. Ke3 Kc6 41. f5 Kd6 1/2-1/2

[Event "LTU ch (B16)"]
[Site "Vilnius"]
[Date "2016.03.23"]
[Round "7.5"]
[White "Pluta, Paulius"]
[Black "Vasiliauskas, Nerijus"]
[Result "1/2-1/2"]
[WhiteElo "1702"]
[BlackElo "1796"]
[PlyCount "84"]
[EventDate "2016.03.18"]

1. e4 Nf6 2. e5 Nd5 3. Nc3 Nxc3 4. dxc3 Nc6 5. Nf3 g6 6. Bb5 Bg7 7. Bf4 O-O 8.
Qd2 d6 9. exd6 cxd6 10. O-O-O Qa5 11. Bc4 Bg4 12. Qe3 Qc7 13. Bb3 a5 14. a3 b5
15. h3 Bxf3 16. Qxf3 Ne5 17. Qd5 Nc4 18. h4 Nxb2 19. Kxb2 Qxc3+ 20. Kc1 a4 21.
Rh3 Qa1+ 22. Kd2 Qxa3 23. Qxb5 axb3 24. Rxb3 Qa4 25. Qxa4 Rxa4 26. g3 Rc4 27.
Rb7 e5 28. Be3 Rfc8 29. Ke1 Bf8 30. Ra1 R4c7 31. Rxc7 Rxc7 32. Ra8 Kg7 33. g4
Be7 34. h5 g5 35. Re8 Bf6 36. Kd2 Rd7 37. Bb6 d5 38. f3 Be7 39. Ke3 Rb7 40. Bd8
Bxd8 41. Rxd8 Rb5 42. Re8 Kf6 1/2-1/2

[Event "LTU ch (B16)"]
[Site "Vilnius"]
[Date "2016.03.23"]
[Round "7.6"]
[White "Ivanauskas, Vincas"]
[Black "Slikas, Deividas"]
[Result "1/2-1/2"]
[WhiteElo "1577"]
[BlackElo "1435"]
[PlyCount "85"]
[EventDate "2016.03.18"]

1. e4 e5 2. Nf3 Nc6 3. Nc3 Nf6 4. Bc4 Bc5 5. O-O O-O 6. d3 d6 7. Bg5 Be6 8.
Bxe6 fxe6 9. Na4 Bb6 10. Nxb6 axb6 11. Qd2 Qe8 12. Bxf6 Rxf6 13. c3 Qg6 14. Qg5
Raf8 15. Qxg6 Rxg6 16. Nd2 d5 17. Rad1 b5 18. a3 d4 19. Rc1 Rg5 20. g3 Rf7 21.
Kg2 dxc3 22. bxc3 Rd7 23. Nf3 Rg6 24. Rfd1 Rf6 25. Rd2 Rdf7 26. Ng5 Rd7 27. Rb1
h6 28. Nf3 Rdf7 29. Ne1 Na7 30. Re2 g5 31. Rbb2 g4 32. h3 h5 33. hxg4 hxg4 34.
Nc2 Rd7 35. Rd2 Rf3 36. Ne1 Rf6 37. f3 Rg6 38. fxg4 Rxg4 39. Rf2 c5 40. Nf3
Rdg7 41. Nxe5 Rxg3+ 42. Kf1 c4 43. Ke2 1/2-1/2

[Event "LTU ch (B16)"]
[Site "Vilnius"]
[Date "2016.03.23"]
[Round "7.10"]
[White "Liutvinas, Rokas"]
[Black "Cebanauskas, Gustas"]
[Result "1-0"]
[WhiteElo "1430"]
[BlackElo "1352"]
[PlyCount "63"]
[EventDate "2016.03.18"]

1. e4 e5 2. Nf3 Nc6 3. d4 exd4 4. Nxd4 Bc5 5. Be3 Bb6 6. Bc4 Nf6 7. Nc3 d6 8.
h3 h6 9. Nxc6 bxc6 10. Bxb6 cxb6 11. e5 dxe5 12. Qxd8+ Kxd8 13. Bxf7 Ke7 14.
Bc4 Bb7 15. O-O-O Rad8 16. Rde1 Kd6 17. Ne4+ Nxe4 18. Rxe4 Rhe8 19. f3 c5 20.
Re3 g5 21. h4 e4 22. hxg5 hxg5 23. Rhe1 Re5 24. fxe4 Rde8 25. Bd3 a6 26. b3 Rf8
27. Rf3 Rfe8 28. Rg3 R8e7 29. Kd2 b5 30. c3 Bc6 31. Rf1 Bd7 32. Rf6+ 1-0